MARC

Tag First Indicator Second Indicator Subfields
LEADER 00000cam a2200000 a 4500
001 in00000954341
005 20160115085955.0
007 hd afv|||baca
008 850812s1694 miu a 00010beng d
035 |a (OCoLC)12376519 
035 |9 AEV4750AM 
037 |a CL0037000029  |b UMI 
037 |b University Microfilms International, 300 N. Zeeb Rd., Ann Arbor, MI 48106 
040 |a EAA  |c EAA  |d m/c  |d UtOrBLW 
043 |a e-uk--- 
049 |a TXAI 
099 |a film   |a  B   |a  3609 
100 1 |a Milton, John,  |d 1608-1674. 
245 1 0 |a Letters of state /  |c written by Mr. John Milton, to most of the sovereign princes and republicks of Europe, from the year 1649, till the year 1659 ; to which is added, an account of his life ; together with several of his poems, and a catalogue of his works, never before printed. 
264 1 |a London :  |b [publisher not identified],  |c 1694. 
300 |a 6 unnumbered pages, xlvii, 6 unnumbered pages, 336 pages 
336 |a text  |b txt  |2 rdacontent 
337 |a microform  |b h  |2 rdamedia 
338 |a microfilm reel  |b hd  |2 rdacarrier 
500 |a Reproduction of original in Union Theological Seminary Library, New York. 
510 4 |a Wing  |c M2126 
533 |a Microfilm.  |b Ann Arbor, Mich. :  |c University Microfilms International,  |d 1978.  |e 1 microfilm reel ; 35 mm.  |f (Early English books, 1641-1700 ; 922:8) 
500 |a Microform. 
600 1 0 |a Milton, John,  |d 1608-1674. 
610 1 0 |a England and Wales.  |b Parliament. 
610 1 0 |a England and Wales.  |b Council of State. 
651 0 |a Great Britain  |x History  |y Commonwealth and Protectorate, 1649-1660. 
600 1 0 |a Cromwell, Oliver,  |d 1599-1658. 
600 1 0 |a Cromwell, Richard,  |d 1626-1712. 
710 1 |a England and Wales.  |b Lord Protector (1653-1658 : O. Cromwell) 
710 1 |a England and Wales.  |b Lord Protector (1658-1659 : R. Cromwell) 
830 0 |a Early English books, 1641-1700 ;  |v 922:8. 
999 |a MARS 
999 f f |s d166bb0e-53a6-38bd-8a15-4f061c7cac21  |i 5f8efa9c-b852-3e78-acad-7ca47e4cf828  |t 0 
952 f f |p default  |a Texas A&M University  |b College Station  |c Sterling C. Evans Library  |d Evans: Microforms (3rd floor)  |t 0  |e film B 3609 922:8  |h Other scheme  |i microform -- microfilm reel 
998 f f |a film B 3609 922:8  |t 0  |l Evans: Microforms (3rd floor)